Normal view
MARC view
- Asha joseph (Guide)
Entry Personal Name
001 - CONTROL NUMBER
- control field: 3317
003 - CONTROL NUMBER IDENTIFIER
- control field: OSt
005 - DATE AND TIME OF LATEST TRANSACTION
- control field: 20180919112540.0
008 - FIXED-LENGTH DATA ELEMENTS
- fixed length control field: 180919|| aca||aabn | a|a d
040 ## - CATALOGING SOURCE
- Original cataloging agency: OSt
- Transcribing agency: OSt
100 ## - HEADING--PERSONAL NAME
- Personal name: Asha joseph (Guide)
670 ## - SOURCE DATA FOUND
- Source citation: Work cat.: (OSt): Venkata sai 3316, Water availability and climatic water balance for a selected cropped area, 2018
